000 00247nam a22001097a 4500
999 _c166441
_d166441
082 _a
_b
100 _aPrabhakar Mishra
245 _aNibandhakar Agyeya/
_cby Prabhakar Mishra.
260 _aNew Delhi:
_bVani,
_c1989.
650 _a
942 _cBK